Criminal procedure and law in Uganda / (Record no. 534)

000 -LEADER
fixed length control field 00716nam a22002537a 4500
001 - CONTROL NUMBER
control field 2958444
005 - DATE AND TIME OF LATEST TRANSACTION
control field 20140116120831.0
008 - FIXED-LENGTH DATA ELEMENTS--GENERAL INFORMATION
fixed length control field 990318s1986 ug |||||000 0|eng
010 ## - LIBRARY OF CONGRESS CONTROL NUMBER
LC control number 90981997
020 ## - INTERNATIONAL STANDARD BOOK NUMBER
International Standard Book Number 996674486
035 ## - SYSTEM CONTROL NUMBER
System control number (WaOLN) 90981997
035 ## - SYSTEM CONTROL NUMBER
System control number (WaOLN)12105147
035 ## - SYSTEM CONTROL NUMBER
System control number (OCoLC)19667706
040 ## - CATALOGING SOURCE
Original cataloging agency DLC
Transcribing agency DLC
050 00 - LIBRARY OF CONGRESS CALL NUMBER
Classification number KTW460.A98 1986
100 1# - MAIN ENTRY--PERSONAL NAME
Personal name Ayume, Francis J.
245 10 - TITLE STATEMENT
Title Criminal procedure and law in Uganda /
Statement of responsibility, etc Francis J. Ayume.
260 ## - PUBLICATION, DISTRIBUTION, ETC. (IMPRINT)
Place of publication, distribution, etc Nairobi :
Name of publisher, distributor, etc Law Africa ,
Date of publication, distribution, etc 1986.
300 ## - PHYSICAL DESCRIPTION
Extent xxix, 259 p.
650 ## - SUBJECT ADDED ENTRY--TOPICAL TERM
Topical term or geographic name as entry element Criminal procedure -- Uganda.
650 ## - SUBJECT ADDED ENTRY--TOPICAL TERM
Topical term or geographic name as entry element Criminal law -- Uganda.
906 ## - LOCAL DATA ELEMENT F, LDF (RLIN)
a 7
b cbc
c orignew
d u
e ncip
f 19
g y-gencatlg
942 ## - ADDED ENTRY ELEMENTS (KOHA)
Source of classification or shelving scheme
Item type Book
Holdings
Withdrawn status Lost status Source of classification or shelving scheme Damaged status Not for loan Home library Current library Date acquired Source of acquisition Total Checkouts Total Renewals Full call number Barcode Date last seen Date last borrowed Copy number Price effective from Koha item type
          Riara University Library Riara University Library 22/10/2011 Purchase 3 1 KTW460.A98 1986 1051/11 10/07/2015 03/07/2015 C.1 22/10/2011 Book
          Riara University Library Riara University Library 22/10/2011 Purchase 9 2 KTW460.A98 1986 1052/11 26/08/2022 05/08/2022 C.2 22/10/2011 Book
          Riara University Library Riara University Library 22/10/2011 Purchase 4   KTW460.A98 1986 1053/11 10/07/2019 04/07/2019 C.3 22/10/2011 Book

Riara University Library,
P.O. Box 49940-00100,
Nairobi, Kenya.